000 01240naa a2200349 c 4500
001 50377
999 _c50377
_d50377
003 ES-MaCES
005 20171220111317.0
008 171220s2017 ne ||||| t||||||| ||eng d
040 _aES-MaCES
_bspa
_cES-MaCES
_dES-MaCES
100 _938833
_aAng, James B.
245 1 0 _aWheat agriculture and family ties
_cJames B. Ang, Per G. Fredriksson
500 _aResumen
504 _aBibliografía: p. 255-256
650 4 _927318
_afamilia
650 4 _930080
_atrabajador familiar
650 4 _929733
_agranja familiar
650 4 _927489
_aagricultura
650 4 _927093
_adesarrollo económico
650 4 _929369
_aproducto interior bruto
650 4 _927094
_acrecimiento económico
650 4 _928259
_aproductividad
650 4 _927082
_aconsecuencias económicas
650 4 _927069
_aeconometría
650 4 _928889
_aanálisis estadístico
650 4 _928373
_aEstados Unidos
653 1 0 _aEconomía
700 _938834
_aFredriksson, Per G.
773 0 _986840
_dAmsterdam (P.O. Box 211, 1000 AE) Elsevier Science
_o089736
_tEuropean economic review
_w(ES-MaCES)25173
_gvol. 100 (Nov. 2017) {10156 R. 089736} ;p. 236-256
902 _aART Artículo de revista
942 _2CES
_cAR
_h0.0.